000 00596nam a2200205 a 4500
005 20231101063701.0
008 150223s2005 mx r 000 0 spa d
020 _a968579376X (Sin Nombre)
020 _a9703230431 (UNAM)
035 _aUPN01000201961
049 _aCG
050 4 _aPQ7297 S2.4
_bS2.4
100 1 _aSegovia, Tomás,
_d1927-2011
_936803
245 1 0 _aSalir con vida :
_bpoemas 2000-2002 /
_cTomás Segovia.
260 _aMéxico :
_bSin Nombre :
_bUNAM,
_c2005.
300 _a93 p.
440 0 _aTomás Segovia.
_pPoesía
650 4 _aPoesía mexicana
_91273
905 _aLibro
999 _c174062
_d174062